Soil bioventing : (Record no. 9342)

MARC details
000 -LEADER
fixed length control field 00846nac a22002171u 4500
010 ## - LIBRARY OF CONGRESS CONTROL NUMBER
LC control number 96043809
020 ## - INTERNATIONAL STANDARD BOOK NUMBER
International Standard Book Number 1566701260
082 00 - DEWEY DECIMAL CLASSIFICATION NUMBER
Classification number 628.55
Item number LEE
090 ## - LOCALLY ASSIGNED LC-TYPE CALL NUMBER (OCLC); LOCAL CALL NUMBER (OCLC)
-- 9342
-- 9342
100 ## - MAIN ENTRY--PERSONAL NAME
Personal name Leeson, Andrea,
245 10 - TITLE STATEMENT
Title Soil bioventing :
Remainder of title principles and practice /
Statement of responsibility, etc Andrea Leeson and Robert E. Hinchee ; with contributions by Bruce A. Alleman ... [et al.].
260 ## - PUBLICATION, DISTRIBUTION, ETC. (IMPRINT)
Place of publication, distribution, etc Boca Raton, FL :
Name of publisher, distributor, etc CRC/Lewis Publishers,1997
Date of publication, distribution, etc c1997.
300 ## - PHYSICAL DESCRIPTION
Extent xi, 244 p. :
Other physical details ill. ;
Dimensions 24 cm.
500 ## - GENERAL NOTE
General note distributer: Al-Ahram
504 ## - BIBLIOGRAPHY, ETC. NOTE
Bibliography, etc Includes bibliographical references and index.
511 ## - PARTICIPANT OR PERFORMER NOTE
Participant or performer note catalogued by: wessam
650 #0 - SUBJECT ADDED ENTRY--TOPICAL TERM
Topical term or geographic name as entry element Soil bioventing.
700 1# - ADDED ENTRY--PERSONAL NAME
Personal name Hinchee, Robert E.
856 42 - ELECTRONIC LOCATION AND ACCESS
Materials specified Publisher description
Uniform Resource Identifier <a href="http://www.loc.gov/catdir/enhancements/fy0744/96043809-d.html">http://www.loc.gov/catdir/enhancements/fy0744/96043809-d.html</a>
942 ## - ADDED ENTRY ELEMENTS (KOHA)
Item type Book - Borrowing
Call number prefix 628.55LEE
Holdings
Withdrawn status Item status Damaged status Not for loan Home library Current library Shelving location Date acquired Source of acquisition Total Checkouts Full call number Barcode Date last seen Koha item type
        Central Library Central Library First floor 04/05/2008 Purchase   628.55LEE 000011287 15/07/2025 Book - Borrowing